[Event "Leiden SB-ch 1920"]
[Site "Leiden"]
[Date "2020.02.21"]
[Round "5"]
[White "Ada, Onur"]
[Black "Oei, Ik"]
[Result "0-1"]
[WhiteElo "1566"]
[BlackElo "2003"]
[PlyCount "80"]
[EventDate "2019.11.08"]
[EventType "swiss"]
[EventRounds "7"]
[EventCountry "NED"]
[SourceTitle "EXT 2023"]
[Source "ChessBase"]
[SourceDate "2022.10.05"]
[SourceVersion "1"]
[SourceVersionDate "2022.10.05"]
[SourceQuality "1"]

1. e4 c5 2. Nc3 Nc6 3. f4 g6 4. Nf3 Bg7 5. Bc4 d6 6. h3 e6 7. Bb5 Nge7 8. d3 0-0 9. Bxc6 Nxc6 10. 0-0 Rb8 11. a3 b5 12. Bd2 a5 13. Rb1 b4 14. axb4 axb4 15. Ne2 Qb6 16. Be3 Nd4 17. Nexd4 cxd4 18. Bd2 Bd7 19. Kh1 Rfc8 20. e5 Bc6 21. c3 Bxf3 22. Qxf3 bxc3 23. bxc3 Qxb1 24. Rxb1 Rxb1+ 25. Kh2 dxc3 26. Bxc3 Rxc3 27. Qa8+ Bf8 28. d4 d5 29. Qa2 Rb4 30. f5 gxf5 31. Qd2 Rc8 32. h4 h6 33. Qf2 Rcc4 34. Qg3+ Kh7 35. Qf3 Rxd4 36. g3 Rd2+ 37. Kh3 Rbb2 38. Qh1 Rh2+ 39. Qxh2 Rxh2+ 40. Kxh2 Kg6 0-1